01028nas a2200265 a 4500001001000000003000400010005001700014008004100031040003000072043000900102245006300111260005000174300002400224310001600248362004700264500006100311500009400372650008200466651006200548700003600610700004800646700003600694942001500730999001700745000046328DLC20240902114320.0150723c19419999dr ur1pdd f0 z0spa d aDO-SdBNPbspacBNPHUerda anwdr00aRevista de policía :bórgano de la Policía Nacional. aCiudad Trujillo :bPolicía Nacional,c1941. av. :bil. ;c34 cm. aDesconocida1 aInicia con: año.3:no.12(abr./jun., 1941) aCatalogación basada en: año.3:no.12(abr./jun., 1941) aDirectores: Manuel E. Castillo, Tomás Rodríguez Núñez, Ernesto J. Suncar Méndez 4aPolicía nacionalvPUBLICACIONES PERIÓDICASzRepública Dominicana974350 4aRepública DominicanaxPublicaciones Periódicas9334941 aCastillo, Manuel E.eed.9743511 aRodríguez Núñez, Tomás,eed.9743521 aSuncar, Ernesto J.,eed.974353 2ddccISSUE c45817d45817